| 000 | 00669nam a2200229 a 4500 | ||
|---|---|---|---|
| 001 | BRCA_5288 | ||
| 005 | 20190320205022.0 | ||
| 008 | 021210s1906----enka######---#000-0#eng-# | ||
| 041 | _aeng | ||
| 044 | _aenk | ||
| 050 | 4 |
_aPZ3 _b.D53L 1906 |
|
| 100 | 1 |
_aDickens, Charles _d1812 - 1870 _913554 |
|
| 245 | 1 | 0 |
_aLittle Dorrit _cby Charles Dickens. |
| 260 |
_aLondres _bThomas Nelson and Sons _c1906 |
||
| 300 |
_a895 p. _bil., 1 lámina _c16 cm. |
||
| 440 | 0 |
_aNew Century Library _pThe Worck of Charles Dickens _vXII _913555 |
|
| 500 | _aEdición con cabeza dorada | ||
| 500 | _aM4 | ||
| 650 | 1 | 4 |
_aLiteratura inglesa _xSiglo XX _913556 |
| 902 | _aGFM | ||
| 942 |
_2lcc _cB |
||
| 999 |
_c4982 _d4982 |
||